000 00317nam a22001457a 4500
008 210531b ||||| |||| 00| 0 eng d
020 _a9780521565974
041 _aeng
080 _22nd
_a91
082 _a91
100 _a42
101 _aGJEO
245 _aThe Cambridge Factfinder
_cCrystal,D
942 _2udc
_cBK
999 _c57871
_d57871